<?xml version="1.0" encoding="UTF-8"?>
<record
    xmlns:xsi="http://www.w3.org/2001/XMLSchema-instance"
    xsi:schemaLocation="http://www.loc.gov/MARC21/slim http://www.loc.gov/standards/marcxml/schema/MARC21slim.xsd"
    xmlns="http://www.loc.gov/MARC21/slim">

  <leader>00300nam a2200121Ia 4500</leader>
  <controlfield tag="008">191201s2013    xx            000 0 und d</controlfield>
  <datafield tag="100" ind1=" " ind2=" ">
    <subfield code="a">AWAD, Alias M.</subfield>
  </datafield>
  <datafield tag="245" ind1=" " ind2="0">
    <subfield code="a">System Analysis and Design</subfield>
  </datafield>
  <datafield tag="250" ind1=" " ind2=" ">
    <subfield code="a">Rep</subfield>
  </datafield>
  <datafield tag="260" ind1=" " ind2=" ">
    <subfield code="c">2013</subfield>
    <subfield code="b">Galgotia Publisher</subfield>
    <subfield code="a">NEW DELHI</subfield>
  </datafield>
  <datafield tag="300" ind1=" " ind2=" ">
    <subfield code="a">524</subfield>
  </datafield>
  <datafield tag="942" ind1=" " ind2=" ">
    <subfield code="2">ddc</subfield>
    <subfield code="c">BK</subfield>
    <subfield code="0">20</subfield>
  </datafield>
  <datafield tag="999" ind1=" " ind2=" ">
    <subfield code="c">7976</subfield>
    <subfield code="d">7976</subfield>
  </datafield>
  <datafield tag="952" ind1=" " ind2=" ">
    <subfield code="0">0</subfield>
    <subfield code="1">0</subfield>
    <subfield code="2">ddc</subfield>
    <subfield code="4">0</subfield>
    <subfield code="7">0</subfield>
    <subfield code="8">BCA</subfield>
    <subfield code="a">PIET</subfield>
    <subfield code="b">PIET</subfield>
    <subfield code="d">2018-04-19</subfield>
    <subfield code="e">Kirti Prakashan</subfield>
    <subfield code="g">500.00</subfield>
    <subfield code="k">IN0317</subfield>
    <subfield code="l">11</subfield>
    <subfield code="o">004.21 AWS</subfield>
    <subfield code="p">BC1238</subfield>
    <subfield code="r">2023-06-26 00:00:00</subfield>
    <subfield code="s">2023-06-22</subfield>
    <subfield code="v">231.00</subfield>
    <subfield code="w">2018-04-19</subfield>
    <subfield code="y">BK</subfield>
  </datafield>
  <datafield tag="952" ind1=" " ind2=" ">
    <subfield code="0">0</subfield>
    <subfield code="1">0</subfield>
    <subfield code="2">ddc</subfield>
    <subfield code="4">0</subfield>
    <subfield code="7">0</subfield>
    <subfield code="8">BCA</subfield>
    <subfield code="a">PIET</subfield>
    <subfield code="b">PIET</subfield>
    <subfield code="d">2018-04-19</subfield>
    <subfield code="e">Kirti Prakashan</subfield>
    <subfield code="g">500.00</subfield>
    <subfield code="k">IN0317</subfield>
    <subfield code="l">10</subfield>
    <subfield code="o">004.21 AWS</subfield>
    <subfield code="p">BC1239</subfield>
    <subfield code="r">2023-06-26 00:00:00</subfield>
    <subfield code="s">2023-06-06</subfield>
    <subfield code="v">231.00</subfield>
    <subfield code="w">2018-04-19</subfield>
    <subfield code="y">BK</subfield>
  </datafield>
  <datafield tag="952" ind1=" " ind2=" ">
    <subfield code="0">0</subfield>
    <subfield code="1">0</subfield>
    <subfield code="2">ddc</subfield>
    <subfield code="4">0</subfield>
    <subfield code="7">0</subfield>
    <subfield code="8">BCA</subfield>
    <subfield code="a">PIET</subfield>
    <subfield code="b">PIET</subfield>
    <subfield code="d">2018-04-19</subfield>
    <subfield code="e">Kirti Prakashan</subfield>
    <subfield code="g">500.00</subfield>
    <subfield code="k">IN0317</subfield>
    <subfield code="l">7</subfield>
    <subfield code="o">004.21 AWS</subfield>
    <subfield code="p">BC1240</subfield>
    <subfield code="r">2023-06-26 00:00:00</subfield>
    <subfield code="s">2023-06-09</subfield>
    <subfield code="v">231.00</subfield>
    <subfield code="w">2018-04-19</subfield>
    <subfield code="y">BK</subfield>
  </datafield>
  <datafield tag="952" ind1=" " ind2=" ">
    <subfield code="0">0</subfield>
    <subfield code="1">0</subfield>
    <subfield code="2">ddc</subfield>
    <subfield code="4">0</subfield>
    <subfield code="7">0</subfield>
    <subfield code="8">BCA</subfield>
    <subfield code="a">PIET</subfield>
    <subfield code="b">PIET</subfield>
    <subfield code="d">2018-04-19</subfield>
    <subfield code="e">Kirti Prakashan</subfield>
    <subfield code="g">500.00</subfield>
    <subfield code="k">IN0317</subfield>
    <subfield code="l">9</subfield>
    <subfield code="o">004.21 AWS</subfield>
    <subfield code="p">BC1241</subfield>
    <subfield code="r">2023-06-26 00:00:00</subfield>
    <subfield code="s">2023-06-20</subfield>
    <subfield code="v">231.00</subfield>
    <subfield code="w">2018-04-19</subfield>
    <subfield code="y">BK</subfield>
  </datafield>
  <datafield tag="952" ind1=" " ind2=" ">
    <subfield code="0">0</subfield>
    <subfield code="1">0</subfield>
    <subfield code="2">ddc</subfield>
    <subfield code="4">0</subfield>
    <subfield code="7">0</subfield>
    <subfield code="8">BCA</subfield>
    <subfield code="a">PIET</subfield>
    <subfield code="b">PIET</subfield>
    <subfield code="d">2018-04-19</subfield>
    <subfield code="e">Kirti Prakashan</subfield>
    <subfield code="g">500.00</subfield>
    <subfield code="k">IN0317</subfield>
    <subfield code="l">10</subfield>
    <subfield code="o">004.21 AWS</subfield>
    <subfield code="p">BC1242</subfield>
    <subfield code="r">2023-06-26 00:00:00</subfield>
    <subfield code="s">2023-06-05</subfield>
    <subfield code="v">231.00</subfield>
    <subfield code="w">2018-04-19</subfield>
    <subfield code="y">BK</subfield>
  </datafield>
</record>
